00410 2200157 4500001002100000008004100021035002000062245004700082100001900129260003700148300002000185082001100205650001000216990001300226990001300239INLIS000000000000434 ind  a0010-0322000434 aKATAK DAN TIKUS SERTA CERITA LAINNYAcIKHA aDIDIK DJUNAEDI aJAKARTAbGADING INTI PRIMAc2015 a56 hlm.c25 cm. a398.24 aFABEL a102640-1 a102640-2